Využitie regresnej analýzy panelových údajov v medzinárodnom obchode a podnikaní diplomová práca

Gespeichert in:
Bibliographische Detailangaben
1. Verfasser: Duhaň, Peter
Körperschaft: Obchodná fakulta EU. Katedra medzinárodného obchodu
Weitere Verfasser: Steinhauser, Dušan, 1988-
Format: Buch
Sprache:Slowakisch
Veröffentlicht: Bratislava 2024
Tags: Tag hinzufügen
Keine Tags, Fügen Sie das erste Tag hinzu!

MARC

LEADER 00000nbm a2200000 4500
001 0302341
005 20250805124635.5
041 0 |a slo 
044 |a SK 
245 1 0 |a Využitie regresnej analýzy panelových údajov v medzinárodnom obchode a podnikaní  |b diplomová práca  |c Peter Duhaň ; školiteľ: Dušan Steinhauser 
264 1 |a Bratislava  |c 2024 
300 |a 71 s. 
100 1 |a Duhaň, Peter 
700 1 |a Steinhauser, Dušan, 1988- 
710 2 |a Obchodná fakulta EU. Katedra medzinárodného obchodu